[Event "Cluj GP Rapid"]
[Site "Cluj"]
[Date "2024.06.13"]
[Round "3"]
[White "Nagy, Janos Nandor"]
[Black "Manolache, Marius"]
[Result "0-1"]
[WhiteElo "1974"]
[BlackElo "2388"]
[PlyCount "52"]
[EventDate "2024.06.13"]
[EventType "swiss (rapid)"]
[EventRounds "10"]
[EventCountry "ROU"]
[SourceTitle "CBM 220 Extra"]
[Source "ChessBase"]
[SourceDate "2024.07.31"]
[SourceVersion "1"]
[SourceVersionDate "2024.07.31"]
[SourceQuality "1"]

1. Nf3 Nf6 2. d3 g6 3. e4 d6 4. Be2 Bg7 5. 0-0 0-0 6. Re1 Nbd7 7. Nc3 b6 8. h3 Bb7 9. Bf4 c5 10. Bf1 a6 11. Bh2 b5 12. e5 Bxf3 13. Qxf3 Nxe5 14. Bxe5 dxe5 15. Rxe5 e6 16. Ree1 b4 17. Nd1 Nd5 18. a3 a5 19. axb4 cxb4 20. Qe4 a4 21. d4 Qb6 22. c4 bxc3 23. bxc3 a3 24. c4 Qxd4 25. cxd5 Qxe4 26. Rxe4 exd5 0-1

[Event "Arad op 16th"]
[Site "Arad"]
[Date "2023.08.07"]
[Round "1"]
[White "Sahidi, Samir"]
[Black "Nagy, Janos Nandor"]
[Result "1-0"]
[WhiteElo "2497"]
[BlackElo "1913"]
[PlyCount "55"]
[EventDate "2023.08.07"]
[EventType "swiss"]
[EventRounds "9"]
[EventCountry "ROU"]
[SourceTitle "EXT 2024"]
[Source "ChessBase"]
[SourceDate "2023.10.10"]
[SourceVersion "1"]
[SourceVersionDate "2023.10.10"]
[SourceQuality "1"]

1. e4 c5 2. Nf3 Nf6 3. e5 Nd5 4. Nc3 e6 5. Nxd5 exd5 6. d4 Nc6 7. dxc5 Bxc5 8. Bd3 d6 9. exd6 0-0 10. 0-0 Qxd6 11. a3 a5 12. Re1 Bd7 13. Be3 d4 14. Bd2 h6 15. Nh4 Qf6 16. Qh5 Bd6 17. Nf3 Bf4 18. Bxf4 Qxf4 19. Re4 Qf6 20. Rae1 Rfe8 21. Qc5 Rxe4 22. Rxe4 Re8 23. Rxe8+ Bxe8 24. h3 Bd7 25. Qb6 Bxh3 26. Qxb7 Nd8 27. Qb5 Bg4 28. Qe8# 1-0